01400nam a2200241Ia 4500001000600000003000900006008004100015040001300056040001300069041001300082100002000095100002900115245002100144245002100165250001100186260001100197260001500208260004900223300004300272500078400315650002801099650003101127E0619IT-RoPAU130308s9999 xx 000 0 und d aIT-RoPAU cIT-RoPAU aITALIANO aGosetti Giorgio gCodice Aut. SPICS: 5277 aAlfred Hitchcock bAlfred Hitchcock a1a ed. aMILANO bIl Castoro c1996 [1° Ed.:1996 - Ed.Ling.Originale:1996] a"200 p. (prefazione: no ; testo: 200)" aVita e Opere del Grande regista Cinematografico. nato a Londra nel 1899 e morto a los Angeles nel 1980. maestro del Brivido e della Suspense, Ha Scandagliato la psiche Umana Alla Ricerca delle Sue Piu' Nascoste Paure. Dichiarazioni Iniziali Dello Stesso Hitchcock. Dalla Vita Ai Film. Esordio Non Folgorante. Alla Ricerca dei Generi. Cinema Sonoro per Il Pubblico Inglese. Grande Stagione Inglese. Cinema di Guerra. Alla Ricerca di Altre Strade. Modelli Diversi per Film da Fare. Declinazioni della commedia Gialla. Avventura e Individuo. Frontiera dell'Orrore. tra I Suoi Film: la Finestra Sul cortile (1954), caccia al Ladro (1955), Intrigo internazionale (1959), Psyco (1960), gli Uccelli (1963), Complotto di Famiglia (1976). Filmografia Completa. videografia e Bibliografia. aAUTORI/OPERE DEL CINEMA eCodice materia Spics: 6807